| 000 | 00321nam a2200121Ia 4500 | ||
|---|---|---|---|
| 005 | 20260328104314.0 | ||
| 008 | 260328s9999||||xx |||||||||||||| ||und|| | ||
| 100 | _aMuseo de Bellas Artes | ||
| 245 | 0 |
_aVIII BIENAL Nacional de Arquitectura / _cMuseo de Bellas Artes |
|
| 260 | _bConac | ||
| 650 | _aVENEZUELA | ||
| 942 | _cBK | ||
| 999 |
_c11086 _d11086 |
||